Lexicon graeco-latinum manuale (Record no. 157679)
[ view plain ]
| 000 -LEADER | |
|---|---|
| campo de control de longitud fija | 00719nam a22001815 4500 |
| 001 - NÚMERO DE CONTROL | |
| campo de control | 157679 |
| 003 - IDENTIFICADOR DE NÚMERO DE CONTROL | |
| campo de control | ES-MaACL |
| 005 - FECHA Y HORA DE LA ÚLTIMA TRANSACCIÓN | |
| campo de control | 20230906210815.0 |
| 008 - DATOS DE LONGITUD FIJA--INFORMACIÓN GENERAL | |
| campo de control de longitud fija | 960320s1883 gw |||| | lat d |
| 245 00 - MENCIÓN DEL TÍTULO | |
| Título | Lexicon graeco-latinum manuale |
| Resto del título | : ex optimis libris concinnatum / |
| Mención de responsabilidad, etc. | edidit E.F. Leopold. |
| 250 ## - MENCION DE EDICION | |
| Mención de edición | Altera editio stereotypa C. Tauchnitiana emendatior et locupletior, nova impressio. |
| 260 ## - PUBLICACIÓN, DISTRIBUCIÓN, ETC. | |
| Lugar de publicación, distribución, etc. | Lipsiae : |
| Nombre del editor, distribuidor, etc. | sumptibus Ottonis Holtze, |
| Fecha de publicación, distribución, etc. | 1883 ( |
| Fabricante | Impresserunt Metzger & Witting) |
| 300 ## - DESCRIPCIÓN FÍSICA | |
| Extensión | III, 895 p. ; |
| Dimensiones | 14 cm. |
| 597 ## - NOTA DE DESCRIPCIÓN FÍSICA | |
| NOTA DE DESCRIPCIÓN FÍSICA | Texto a dos col. |
| 650 04 - PUNTO DE ACCESO ADICIONAL DE MATERIA--TÉRMINO DE MATERIA | |
| Término de materia o nombre geográfico como elemento de entrada | Lengua griega- |
| Subdivisión de forma | Diccionarios- |
| Subdivisión general | Latín. |
| 9 (RLIN) | 141813 |
| 700 1# - ENTRADA AGREGADA--NOMBRE PERSONAL | |
| Nombre de persona | Leopold, Ernst Friedrich. |
| 9 (RLIN) | 128884 |
| 852 4# - LOCALIZACIÓN | |
| Ubicación | ES-MaACL |
| Número de control de estantería | G-13755 |
| Nota libre | . -- Enc. pasta |
| Estatus retirado | Estado de pérdida | Estado de daño | No para préstamo | Colección | Biblioteca de origen | Biblioteca actual | Ubicación en estantería | Fecha de adquisición | Fuente de adquisición | Total de préstamos | Signatura topográfica completa | Código de barras | Visto por última vez | Precio de reemplazo | Tipo de ítem Koha |
|---|---|---|---|---|---|---|---|---|---|---|---|---|---|---|---|
| Libros del s. XIX | Biblioteca del Ateneo de Madrid | Biblioteca del Ateneo de Madrid | Sala Pecera Planta 3 | 17/01/2008 | G-13755 | 1165007 | 23/02/2023 | 23/02/2023 | Libro impreso antiguo |
